| 000 | 00537nam a22001697a 4500 | ||
|---|---|---|---|
| 005 | 20241215171631.0 | ||
| 008 | 241215b |||||||| |||| 00| 0 eng d | ||
| 020 | _a9780805375169 | ||
| 050 |
_aQP36 _b.M42 |
||
| 100 | _aMagid, Alan | ||
| 245 |
_aInstructor's Manual/ _bEssentials of Anatomy & Physiology; Martini/ Bartholomew _cAlan Magid & Christine Iltis |
||
| 250 | _a4th ed. | ||
| 260 |
_aSan Francisco _bPearson/ Benjamin Cummings _c2007 |
||
| 300 |
_aviii.152p. _c27.5cm |
||
| 700 | _aIltis, Christine | ||
| 942 |
_2lcc _cBK _e4th ed. _n0 |
||
| 999 |
_c2304 _d2304 |
||